[Event "Beth Harmon Loves A Good Knight"]
[Site "SchemingMind.com"]
[Date "2020.12.27"]
[Round "-"]
[White "frankly"]
[Black "Derek Price"]
[Result "1-0"]
[WhiteCountry "ENG"]
[BlackCountry "ENG"]
[WhiteElo "2567"]
[WhiteRD "69"]
[BlackElo "2207"]
[BlackRD "67"]
[GameID "463805"]

1. d4 d5 2. Nf3 Nf6 3. c4 c6 4. Nc3 e6 5. Bg5 h6 6. Bh4 dxc4 7. e4 g5 8. Bg3 b5 9. Be2 Bb7 10. h4 g4
11. Ne5 h5 12. O-O Nbd7 13. Qc2 Nxe5 14. Bxe5 Bg7 15. b3 O-O 16. Rad1 cxb3 17. axb3 Qe7 18. Bd3 Rad8 19. Ne2 Nd7 20. Bf4 Qxh4
21. e5 Qe7 22. Bh7+ Kh8 23. Be4 f5 24. exf6 Nxf6 25. Bg5 e5 26. Rfe1 Qb4 27. Bxf6 Bxf6 28. Qc1 Kg8 29. Qh6 Qe7 30. Qxh5 Bc8
31. Ng3 Qf7 32. Bg6 Qg7 33. dxe5 Rxd1 34. Rxd1 Bxe5 35. Nf5 Qc7 36. Re1 Bxf5 37. Bxf5 Bf6 38. Be6+ Rf7 39. Bxf7+ Qxf7 40. Qxg4+ Kf8
41. b4 Qd5 42. Qg6 Qf7 43. Qh6+ Qg7 44. Qf4 Qg6 45. Qd6+ Kg7 46. Qxc6 Qd3 47. g3 Qc4 48. Qd7+ Kg6 49. Re6 Qxb4 50. Qxa7 Qb1+
51. Kg2 Qb3 52. Qd7 Qc4 53. Qd6 Qc3 54. g4 b4 55. Qd5 Kh7 56. Qf5+ Kg7 57. g5 Kf7 58. Rxf6+
1-0

[Event "Beth Harmon Loves A Good Knight"]
[Site "SchemingMind.com"]
[Date "2020.12.31"]
[Round "-"]
[White "The Stonewall"]
[Black "frankly"]
[Result "0-1"]
[WhiteCountry "ENG"]
[BlackCountry "ENG"]
[WhiteElo "2427"]
[WhiteRD "70"]
[BlackElo "2585"]
[BlackRD "70"]
[GameID "463806"]

1. c4 e5 2. Nc3 Nf6 3. Nf3 Nc6 4. e3 Bb4 5. Qc2 Bxc3 6. Qxc3 Qe7 7. d4 Ne4 8. Qd3 exd4 9. Nxd4 O-O 10. Be2 Qb4+
11. Kf1 Qe7 12. f3 Nc5 13. Nxc6 dxc6 14. Qc3 Bf5 15. e4 Bd7 16. Kf2 f5 17. e5 f4 18. Rd1 Rae8 19. b3 b6 20. Bb2 Rf5
21. Kg1 Rh5 22. Qe1 Qg5 23. Bf1 Bf5 24. Rd2 Ne6 25. Rad1 Qh6 26. h3 c5 27. Rd7 Rg5 28. Kh1 Rg3 29. Bc1 Qh4 30. Qd2 h5
31. Qd5 Kh8 32. Qd2 g5 33. Rf7 g4 34. Rxf5 gxh3 35. gxh3 Rxh3+ 36. Bxh3 Qxh3+ 37. Qh2 Qxf3+ 38. Qg2 Qxd1+ 39. Qg1 Qxg1+ 40. Kxg1 Kg7
41. Bxf4 Nxf4 42. Rxf4 Rxe5 43. Kf2 Kg6 44. Rh4 Kg5
0-1

[Event "Beth Harmon Loves A Good Knight"]
[Site "SchemingMind.com"]
[Date "2020.12.31"]
[Round "-"]
[White "frankly"]
[Black "The Stonewall"]
[Result "1-0"]
[WhiteCountry "ENG"]
[BlackCountry "ENG"]
[WhiteElo "2593"]
[WhiteRD "73"]
[BlackElo "2442"]
[BlackRD "72"]
[GameID "463807"]

1. e4 c6 2. d4 d5 3. e5 c5 4. dxc5 e6 5. a3 Nc6 6. Nf3 Bxc5 7. b4 Bb6 8. Bb2 Nge7 9. Bd3 Ng6 10. O-O Nf4
11. c4 O-O 12. c5 Nxd3 13. Qxd3 Bc7 14. b5 Ne7 15. a4 Qe8 16. Nc3 a6 17. Ba3 f6 18. exf6 Rxf6 19. b6 Bb8 20. Bb2 Qg6
21. Qxg6 Nxg6 22. c6 bxc6 23. a5 e5 24. Na4 Bg4 25. Rfc1 Bxf3 26. gxf3 Nh4 27. f4 Rg6+ 28. Kf1 exf4 29. Ra3 f3 30. b7 Ra7
31. Rb3 Nf5 32. Re1 Nd6 33. Nc5
1-0

[Event "Beth Harmon Loves A Good Knight"]
[Site "SchemingMind.com"]
[Date "2020.12.27"]
[Round "-"]
[White "Transcendent"]
[Black "frankly"]
[Result "0-1"]
[WhiteCountry "ENG"]
[BlackCountry "ENG"]
[WhiteElo "2009"]
[WhiteRD "64"]
[BlackElo "2596"]
[BlackRD "68"]
[GameID "463808"]

1. d4 Nf6 2. c4 e6 3. g3 d5 4. Nf3 dxc4 5. Bg2 a6 6. O-O Nc6 7. e3 Bd7 8. Qe2 b5 9. b3 cxb3 10. axb3 Be7
11. Bb2 O-O 12. Nbd2 Ra7 13. Rfc1 Nb4 14. Ba3 Nbd5 15. Bxe7 Qxe7 16. Ne5 Rd8 17. Nxd7 Nxd7 18. Bxd5 exd5 19. Rc6 Nb8 20. Rc5 c6
21. Nf3= Qd6 22. Rac1 Rc8 23. Qc2 Rac7 24. Ra1 Nd7 25. Rxa6 Nxc5 26. dxc5 Qf8 27. h4 Ra8 28. Rb6 Qc8 29. Nd4 Qh3 30. Qb1 g6
31. Qf1 Qd7 32. Kg2 Qe7 33. b4 Ra2 34. Kg1 Qe5 35. Rxc6 Rxc6 36. Nxc6 Qb2 37. Qg2 Qb1+ 38. Qf1 Ra1 39. Qxb1 Rxb1+ 40. Kg2 Kf8
41. Kf3 Ke8 42. g4 h5
0-1

[Event "Beth Harmon Loves A Good Knight"]
[Site "SchemingMind.com"]
[Date "2020.12.27"]
[Round "-"]
[White "frankly"]
[Black "Transcendent"]
[Result "1/2-1/2"]
[WhiteCountry "ENG"]
[BlackCountry "ENG"]
[WhiteElo "2585"]
[WhiteRD "70"]
[BlackElo "2065"]
[BlackRD "62"]
[GameID "463809"]

1. d4 d5 2. c4 c6 3. Nf3 Nf6 4. Nc3 dxc4 5. a4 Bf5 6. Ne5 Nbd7 7. Nxc4 Qc7 8. g3 e5 9. dxe5 Nxe5 10. Bf4 Nfd7
11. Bg2 f6 12. O-O g5 13. Nxe5 gxf4 14. Nxd7 Qxd7= 15. a5 fxg3 16. fxg3 a6 17. Be4 Bh3 18. Qxd7+ Bxd7 19. Rxf6 O-O-O 20. Kg2 h5
21. h4 Rg8 22. Bf3 Be8 23. Ne4 Be7 24. Re6 Bxh4 25. Rh1 Bg5 26. Bxh5 Bd7 27. Bf7 Rg7= 28. Rg6 Rxg6 29. Bxg6 Be7 30. Rh7 Bb4
31. Rh5 Be6 32. Nf2 Rd5 33. g4 Rxh5 34. gxh5 Bxa5 35. Kf3 Bd8 36. Kf4 Bf6 37. b4 Kd8 38. h6 Ke7 39. Bd3 Kf8 40. Ne4 Bb2
41. Kg5 Kg8 42. Nc5 Bc1+ 43. Kf6 Bc8 44. h7+ Kh8 45. Ne4 Bf4 46. e3 Bc7 47. Kg6=
1/2-1/2

[Event "Beth Harmon Loves A Good Knight"]
[Site "SchemingMind.com"]
[Date "2020.12.29"]
[Round "-"]
[White "frankly"]
[Black "Robert Bruce"]
[Result "1/2-1/2"]
[WhiteCountry "ENG"]
[BlackCountry "SCO"]
[WhiteElo "2594"]
[WhiteRD "63"]
[BlackElo "2463"]
[BlackRD "71"]
[GameID "463810"]

1. e4 c6 2. d4 d5 3. e5 Bf5 4. Nf3 e6 5. Be2 c5 6. Be3 cxd4 7. Nxd4 Ne7 8. O-O Nbc6 9. Bb5 a6 10. Bxc6+ bxc6
11. c4 Qd7 12. Nc3 dxc4 13. Na4 Nd5 14. Nxf5 exf5 15. Rc1 c3 16. Nxc3 Nxe3 17. fxe3 g6 18. e4 Bh6 19. Qxd7+ Kxd7 20. Rcd1+ Ke7
21. exf5 Be3+ 22. Kh1 Rhd8 23. g4 gxf5 24. gxf5 Bd4 25. Rde1 Bxc3 26. bxc3 Rd2 27. e6 Kf6 28. Rf3 Rad8 29. e7 Re8 30. Rfe3 Rd7
31. Kg2=
1/2-1/2

[Event "Beth Harmon Loves A Good Knight"]
[Site "SchemingMind.com"]
[Date "2020.12.29"]
[Round "-"]
[White "Robert Bruce"]
[Black "frankly"]
[Result "1/2-1/2"]
[WhiteCountry "SCO"]
[BlackCountry "ENG"]
[WhiteElo "2463"]
[WhiteRD "71"]
[BlackElo "2594"]
[BlackRD "63"]
[GameID "463811"]

1. d4 Nf6 2. c4 e6 3. g3 d5 4. Nf3 dxc4 5. Bg2 a6 6. O-O Nc6 7. e3 Rb8 8. Nfd2 e5 9. Bxc6+ bxc6 10. dxe5 Ng4
11. Nxc4 Be6 12. Nbd2 Bb4 13. Qc2 h5 14. b3 h4 15. Nf3 hxg3 16. fxg3 Qe7 17. Kg2 Rd8 18. a3 Bc5 19. h4 O-O 20. Ng5 g6
21. Nxe6 Qxe6 22. Rf3 Nxe5 23. Nxe5 Qxe5 24. Ra2 Bb6 25. Qxc6 Rd3 26. Qc4 Qc3 27. Rc2 Qxb3= 28. Qxb3 Rxb3 29. e4 Rxf3 30. Kxf3 Rd8
31. Rd2 Bd4=
1/2-1/2

[Event "Beth Harmon Loves A Good Knight"]
[Site "SchemingMind.com"]
[Date "2020.12.29"]
[Round "-"]
[White "frankly"]
[Black "William Lindberg"]
[Result "1-0"]
[WhiteCountry "ENG"]
[BlackCountry "USA"]
[WhiteElo "2594"]
[WhiteRD "63"]
[BlackElo "2483"]
[BlackRD "67"]
[GameID "463812"]

1. d4 Nf6 2. c4 e6 3. Nf3 h6 4. Nc3 Bb4 5. Qc2 d5 6. a3 Bxc3+ 7. Qxc3 b6 8. Ne5 O-O 9. g4 Ne4 10. Qh3 dxc4
11. Qe3 Bb7 12. Bg2 Nd6 13. Bxb7 Nxb7 14. g5 hxg5 15. h4 Qd5 16. Rg1 Nd6 17. Qxg5 Ne8 18. h5 f6 19. Qg6 fxe5 20. h6 Qd7
21. hxg7 Nxg7 22. Rh1 e4 23. Bh6 Qf7 24. Qxe4 Nd7 25. O-O-O Nf6 26. Qh4 Qh5 27. Rdg1 Qxh4 28. Rxg7+ Kh8 29. Rxh4 Rg8 30. Rxc7 Rg1+
31. Kd2 Kg8 32. Bf4 Rg7 33. Rxc4 Ne4+ 34. Ke3 Nf6 35. Be5 Ng4+ 36. Kd2 Nxe5 37. dxe5 b5 38. Rc6 Rg6 39. Ke3 Rb8 40. Rd4 Rb7
41. Rd8+ Kf7 42. Rh8 Re7 43. Rcc8 Rb7 44. b4 Kg7 45. f4 Re7 46. Kd4 Rd7+ 47. Kc5 Rd5+ 48. Kc6 Rd1 49. Rcg8+ Kf7 50. Rf8+ Kg7
51. Rhg8+ Kh7 52. Rxg6 Kxg6 53. Rf6+ Kg7 54. Rxe6 Kf7 55. f5 a6 56. Rd6 Re1 57. Kd7 Rxe2 58. e6+ Kf6 59. Rxa6 Rd2+ 60. Rd6 Re2
61. Kd8 Ke5 62. e7 Kxd6 63. e8=Q Rxe8+ 64. Kxe8 Ke5 65. f6 Kxf6 66. Kd7 Ke5 67. Kc6 Kd4 68. Kxb5 Kd5 69. a4 Kd6 70. a5
1-0

[Event "Beth Harmon Loves A Good Knight"]
[Site "SchemingMind.com"]
[Date "2020.12.29"]
[Round "-"]
[White "William Lindberg"]
[Black "frankly"]
[Result "1/2-1/2"]
[WhiteCountry "USA"]
[BlackCountry "ENG"]
[WhiteElo "2483"]
[WhiteRD "67"]
[BlackElo "2594"]
[BlackRD "63"]
[GameID "463813"]

1. c4 e5 2. Nc3 Nf6 3. Nf3 Nc6 4. g3 d5 5. cxd5 Nxd5 6. Bg2 Nb6 7. d3 Be7 8. Be3 O-O 9. O-O Be6 10. Rc1 f6
11. d4 exd4 12. Nxd4 Nxd4 13. Bxd4 c6 14. Qd3 Qc8 15. Qc2 Bf7 16. e4 Rd8 17. Rcd1 Qe6 18. b3 Nd7 19. Be3 a5 20. f4 Bc5
21. Rd3 Qe7 22. Nd1 h6 23. Bf3 Bg6 24. Bf2 Bb4 25. Be3 Nc5 26. Rxd8+ Rxd8 27. Nf2 Na6 28. Rc1 Ba3 29. Rd1 Rxd1+ 30. Qxd1 Bc5
31. Qd2 b6 32. Kg2 Bxe3 33. Qxe3 c5 34. Qd2 Kf8 35. h4 Nb4 36. Qe2 Qd6 37. Kh2 Qd4 38. Bg2 Bf7 39. e5 Nd5 40. e6 Be8=
1/2-1/2

[Event "Beth Harmon Loves A Good Knight"]
[Site "SchemingMind.com"]
[Date "2020.12.27"]
[Round "-"]
[White "frankly"]
[Black "JAHI"]
[Result "1-0"]
[WhiteCountry "ENG"]
[BlackCountry "INT"]
[WhiteElo "2596"]
[WhiteRD "68"]
[BlackElo "2068"]
[BlackRD "76"]
[GameID "463814"]

1. e4 d6 2. d4 g6 3. Nc3 Bg7 4. Be3 a6 5. h4 h6 6. Qd2 a5 7. h5 g5 8. O-O-O a4 9. a3 Bd7 10. f4 gxf4
11. Bxf4 e6 12. Nf3 Ne7 13. g4 Nbc6 14. g5 Ng8 15. Rg1 Nce7 16. Kb1 Qb8 17. Bb5 Bxb5 18. Nxb5 Ra6 19. d5 e5 20. Qc3 c6
21. Nxd6+ Qxd6 22. Bxe5 Bxe5 23. Nxe5 cxd5 24. Nxf7 Kxf7 25. Qxh8 hxg5 26. Rdf1+ Ke6 27. Rxg5 Kd7 28. Rxg8 Nxg8 29. Qxg8 Kc7 30. exd5 Kb6
31. h6 Qxh6 32. Qg1+ Kc7 33. Qc5+ Kd8 34. Rf8+ Qxf8 35. Qxf8+ Kc7 36. Qe7+ Kb6 37. d6 Ra8 38. Qc7+ Ka6 39. c4 Re8 40. d7 Re1+
41. Kc2 Re2+ 42. Kd1 Rg2 43. d8=Q Rg1+ 44. Ke2 Rg2+ 45. Kf1 Rg1+ 46. Kxg1 b6 47. Qxb6#
1-0

[Event "Beth Harmon Loves A Good Knight"]
[Site "SchemingMind.com"]
[Date "2020.12.27"]
[Round "-"]
[White "JAHI"]
[Black "frankly"]
[Result "0-1"]
[WhiteCountry "INT"]
[BlackCountry "ENG"]
[WhiteElo "2121"]
[WhiteRD "75"]
[BlackElo "2594"]
[BlackRD "63"]
[GameID "463815"]

1. c3 Nf6 2. c4 e5 3. Nc3 d5 4. cxd5 Nxd5 5. g3 c5 6. Bg2 Be6 7. d3 Nc6 8. Bd2 Be7 9. Kf1 f5 10. h3 O-O
11. h4 h6 12. h5 Nxc3 13. Bxc3 Qc7 14. Nh3 b5 15. f3 Rad8 16. f4 e4 17. Qb1 exd3 18. exd3 c4 19. dxc4 Bc5 20. b3 bxc4
21. Qc2 Qb6 22. Rb1 Nb4 23. Qe2 cxb3 24. axb3 Nd5 25. Bxd5 Bxd5 26. Nf2 Bxf2 27. Qxf2 Qc6 28. Bxg7 Be4 29. Re1 Kxg7 30. Rh2 Rd3
31. Kg1 Rf7 32. b4 Kh7 33. Rxe4 fxe4 34. Rg2 e3 35. Qa2 Rd1+ 36. Kh2 Re7 37. b5 Qc1 38. Kh3 Rh1+ 39. Rh2 Rxh2+ 40. Qxh2 e2
41. Qg2 e1=Q 42. Qf3 Qh1+ 43. Qxh1 Qxh1+ 44. Kg4 Kg7 45. b6 axb6 46. f5 Re4#
0-1

[Event "Beth Harmon Loves A Good Knight"]
[Site "SchemingMind.com"]
[Date "2020.12.30"]
[Round "-"]
[White "Steven DuCharme"]
[Black "Matthew Bailey"]
[Result "0-1"]
[WhiteCountry "USA"]
[BlackCountry "ENG"]
[WhiteElo "1554"]
[WhiteRD "55"]
[BlackElo "2598"]
[BlackRD "68"]
[GameID "463878"]

1. c4 e5 2. g3 Nc6 3. Bg2 g6 4. d3 Bg7 5. Nc3 d6 6. Nf3 Nge7 7. O-O O-O 8. e3 Bf5 9. Nh4 Be6 10. Nd5 Rb8
11. a3 b5 12. Nxe7+ Nxe7 13. b3 bxc4 14. bxc4 e4 15. Ra2 g5 16. Bxe4 gxh4 17. Qh5 f5 18. Bg2 Ng6 19. gxh4 d5 20. cxd5 Bxd5
21. Bxd5+ Qxd5 22. Rd2 Ne5 23. f4 Ng4 24. e4 Qc5+ 25. Kh1 Rb1 26. Rdd1 Nf2+
0-1

[Event "Beth Harmon Loves A Good Knight"]
[Site "SchemingMind.com"]
[Date "2020.12.30"]
[Round "-"]
[White "Matthew Bailey"]
[Black "Steven DuCharme"]
[Result "1-0"]
[WhiteCountry "ENG"]
[BlackCountry "USA"]
[WhiteElo "2598"]
[WhiteRD "68"]
[BlackElo "1554"]
[BlackRD "55"]
[GameID "463879"]

1. b4 Nf6 2. Bb2 b6 3. b5 Bb7 4. Nf3 e6 5. a4 Be7 6. c4 O-O 7. g3 a6 8. Bg2 axb5 9. axb5 Rxa1 10. Bxa1 d5
11. cxd5 Qxd5 12. Nc3 Qd8 13. O-O c5 14. Qc2 Nbd7 15. Bb2 Qc7 16. Ra1 Ra8 17. Rxa8+ Bxa8 18. Qa4 h6 19. Qxa8+ Kh7 20. d3 Ne5
21. Nxe5 Qxe5 22. Qb7
1-0

[Event "Beth Harmon Loves A Good Knight"]
[Site "SchemingMind.com"]
[Date "2020.12.30"]
[Round "-"]
[White "Derek Price"]
[Black "Matthew Bailey"]
[Result "0-1"]
[WhiteCountry "ENG"]
[BlackCountry "ENG"]
[WhiteElo "2207"]
[WhiteRD "67"]
[BlackElo "2553"]
[BlackRD "74"]
[GameID "463880"]

1. c4 e6 2. g3 d5 3. Bg2 Nf6 4. Nf3 dxc4 5. Qa4+ Nbd7 6. Qxc4 c5 7. d3 a6 8. Qb3 Ra7 9. O-O b6 10. Nc3 Be7
11. Rd1 Bb7 12. d4 cxd4 13. Rxd4 O-O 14. Bf4 Bc5 15. Rd2 b5 16. Rad1 Qb6 17. e3 h6 18. Bd6 Bxe3 19. fxe3 Qxe3+ 20. Rf2 Ng4
21. Qc2 Rd8 22. Bf4 Qxf2+ 23. Qxf2 Nxf2 24. Kxf2 b4 25. Ne2 Bd5 26. Ned4 g5 27. Bd6 a5 28. Nd2 Bxg2 29. Kxg2 Rc8 30. Ne4 f5
31. Nf2 Ra6 32. Nxe6 Rac6 33. g4 f4 34. h4 Re8 35. Nxf4 gxf4 36. Bxf4 Nc5 37. Rd2 Rf6 38. Bg3 Ne4 39. Re2 Rfe6 40. Bc7 Nxf2
41. Rxf2 a4 42. Bf4 Re2 43. Bxh6 Rxf2+ 44. Kxf2 Rc8 45. Ke1 Rc2 46. b3 Rxa2 47. Kd1 a3 48. Be3 Rb2 49. Bc1 Rxb3
0-1

[Event "Beth Harmon Loves A Good Knight"]
[Site "SchemingMind.com"]
[Date "2020.12.30"]
[Round "-"]
[White "Matthew Bailey"]
[Black "Derek Price"]
[Result "1-0"]
[WhiteCountry "ENG"]
[BlackCountry "ENG"]
[WhiteElo "2537"]
[WhiteRD "71"]
[BlackElo "2188"]
[BlackRD "68"]
[GameID "463881"]

1. e4 c5 2. d4 cxd4 3. Nf3 d6 4. Qxd4 Nf6 5. Nc3 Nc6 6. Bb5 Bd7 7. Bxc6 Bxc6 8. Bg5 e6 9. O-O-O Be7 10. Rhe1 O-O
11. e5 dxe5 12. Nxe5 Bxg2 13. Rg1 Qxd4 14. Rxd4 Bc6 15. Nxc6 bxc6 16. Ne4 Kh8 17. Nxf6 Bxf6 18. Bxf6 gxf6 19. Rd7 a5 20. Rg3 Rad8
21. Rxd8 Rxd8 22. Rc3 Rd5 23. Rxc6 Rh5 24. c3 Rxh2 25. b4 axb4 26. cxb4 Rxf2 27. Rc2 Rf1+ 28. Kb2 Rf4 29. Kb3 Rf5 30. a4 Rf3+
31. Rc3 Rf1 32. b5 Rb1+ 33. Ka2 Rb4 34. Ka3 Rb1 35. Rb3 Ra1+ 36. Kb4 Rd1 37. b6 Rd7 38. a5 Rd4+ 39. Kb5 Rd5+ 40. Ka6 Rd6
41. Ka7 Kg7 42. b7 Kg6 43. b8=Q Rd7+ 44. Kb6
1-0

[Event "Beth Harmon Loves A Good Knight"]
[Site "SchemingMind.com"]
[Date "2021.01.01"]
[Round "-"]
[White "The Stonewall"]
[Black "Matthew Bailey"]
[Result "0-1"]
[WhiteCountry "ENG"]
[BlackCountry "ENG"]
[WhiteElo "2442"]
[WhiteRD "72"]
[BlackElo "2538"]
[BlackRD "70"]
[GameID "463882"]

1. d4 d5 2. Bg5 h6 3. Bh4 c5 4. dxc5 g5 5. Bg3 Bg7 6. c3 Na6 7. e4 dxe4 8. Qxd8+ Kxd8 9. Bxa6 bxa6 10. f3 e3
11. Na3 f5 12. O-O-O+ Ke8 13. f4 e5 14. fxe5 f4 15. Be1 Ne7 16. Nc4 Nc6 17. Nf3 Be6 18. Nd6+ Ke7 19. Nd4 Nxe5 20. N6f5+ Bxf5
21. Nxf5+ Kf6 22. Nxg7 Kxg7 23. c4 Rhc8 24. b4 Kg6 25. Rd6+ Kf5 26. Bc3 Nxc4 27. Rxa6 Re8 28. Kc2 Rad8 29. h3 h5 30. Re1 g4
31. Rf6+ Kg5 32. h4+ Kxh4 33. Rxf4 Na3+ 34. Kb2 Nb5 35. Re2 Kg3 36. Rf5 Nxc3 37. Kxc3 h4 38. c6 Rd1 39. Kc2 Rd4 40. b5 Rf4
41. Rd5 Rf2 42. Kd3 Kxg2
0-1

[Event "Beth Harmon Loves A Good Knight"]
[Site "SchemingMind.com"]
[Date "2021.01.01"]
[Round "-"]
[White "Matthew Bailey"]
[Black "The Stonewall"]
[Result "1-0"]
[WhiteCountry "ENG"]
[BlackCountry "ENG"]
[WhiteElo "2538"]
[WhiteRD "70"]
[BlackElo "2442"]
[BlackRD "72"]
[GameID "463883"]

1. e4 e6 2. d4 d5 3. exd5 exd5 4. Nf3 Nc6 5. Bb5 Bd6 6. O-O Ne7 7. Re1 O-O 8. Bg5 Bg4 9. c3 Re8 10. Nbd2 f6
11. Bh4 a6 12. Bd3 Qd7 13. Qb3 Bf5 14. Bxf5 Qxf5 15. Bg3 Bxg3 16. hxg3 Qd7 17. Re2 Na5 18. Qa3 Nec6 19. Rxe8+ Rxe8 20. b3 Qe7
21. b4 Qd6 22. Qa4 b5 23. Qc2 Nc4 24. a4 Nxd2 25. Nxd2 Nd8 26. Nb3 c6 27. Nc5 Ne6 28. Nxa6 bxa4 29. Qxa4 Ra8 30. Qd1 Nc7
31. Nxc7 Rxa1 32. Qxa1 Qxc7 33. c4 dxc4 34. Qa2 Kf8 35. Qxc4 Qd7 36. f3 Ke7 37. Kf2 Kd6 38. g4 g6 39. Qc5+ Ke6 40. Ke3
1-0

[Event "Beth Harmon Loves A Good Knight"]
[Site "SchemingMind.com"]
[Date "2020.12.30"]
[Round "-"]
[White "Transcendent"]
[Black "Matthew Bailey"]
[Result "0-1"]
[WhiteCountry "ENG"]
[BlackCountry "ENG"]
[WhiteElo "2041"]
[WhiteRD "67"]
[BlackElo "2538"]
[BlackRD "70"]
[GameID "463884"]

1. d4 Nf6 2. c4 g6 3. g3 c6 4. Bg2 d5 5. Qa4 Bg7 6. cxd5 Nxd5 7. Nf3 Bg4 8. Nbd2 Na6 9. O-O O-O 10. h3 Be6
11. Rd1 Qc8 12. Kh2 Rd8 13. e3 c5 14. Ne4 Bf5 15. Nc3 Nxc3 16. bxc3 cxd4 17. Nxd4 Nc5 18. Qc4 Ne4 19. Qxc8 Raxc8 20. Ba3 Nxf2
21. Rf1 Nd3 22. Nxf5 gxf5 23. Bxe7 Re8 24. Rad1 Rxc3 25. Bd6 Rxe3 26. Rxf5 Re2
0-1

[Event "Beth Harmon Loves A Good Knight"]
[Site "SchemingMind.com"]
[Date "2020.12.30"]
[Round "-"]
[White "Matthew Bailey"]
[Black "Transcendent"]
[Result "1-0"]
[WhiteCountry "ENG"]
[BlackCountry "ENG"]
[WhiteElo "2537"]
[WhiteRD "71"]
[BlackElo "2065"]
[BlackRD "62"]
[GameID "463885"]

1. e4 e6 2. d4 d5 3. Nc3 Bb4 4. e5 c5 5. a3 Bxc3+ 6. bxc3 Qa5 7. Bd2 Qa4 8. Rb1 c4 9. Qc1 Nc6 10. h4 b6
11. Rh3 Nge7 12. h5 h6 13. Be2 Bd7 14. Bg4 O-O-O 15. Rf3 Nf5 16. Ne2 g5 17. hxg6 fxg6 18. Bxf5 gxf5 19. Rh3 Rdg8 20. Kf1 h5
21. Bg5 Rh7 22. Bf6 Be8 23. Nf4 Bf7 24. Rf3 Rg4 25. Kg1 Bg8 26. Nh3 h4 27. Rf4 Kc7 28. f3 Rxf4 29. Nxf4 Nb8 30. Nh3 Nd7
31. Rb4 Qc6 32. a4 a5 33. Rb5 Nxf6 34. exf6 Qd6 35. Ng5
1-0

[Event "Beth Harmon Loves A Good Knight"]
[Site "SchemingMind.com"]
[Date "2020.12.30"]
[Round "-"]
[White "frankly"]
[Black "Matthew Bailey"]
[Result "1-0"]
[WhiteCountry "ENG"]
[BlackCountry "ENG"]
[WhiteElo "2594"]
[WhiteRD "63"]
[BlackElo "2570"]
[BlackRD "68"]
[GameID "463886"]

1. e4 c5 2. Nf3 d6 3. d4 cxd4 4. Nxd4 Nf6 5. Nc3 a6 6. Be3 e5 7. Nb3 Be6 8. f3 h5 9. Qd2 Nbd7 10. Nd5 Bxd5
11. exd5 g6 12. O-O-O Qc7 13. Kb1 Nb6 14. Qa5 Rc8 15. c3 Nfd7 16. Qb4 Bh6 17. Bf2 O-O 18. Be2 Bg5 19. Na5 Rb8 20. Nb3 Rbc8
21. Na5 Rb8 22. h4 Bd8 23. g4 Nf6 24. c4 Rc8 25. Qb3 Nbd7 26. Be1 Nc5 27. Qc2 Qd7 28. Nb3 hxg4 29. Nxc5 Rxc5 30. fxg4 Nxg4
31. Rd3 Qf5 32. Rg1 Nh6 33. Bb4 b6 34. Qc1 Kg7 35. h5 Qe4 36. Bxc5 bxc5 37. hxg6 fxg6 38. Qe3 Qxe3 39. Rxe3 Rf4 40. Bh5 g5
41. Rb3 Kf6 42. Rb8 Be7 43. b4 g4 44. bxc5 dxc5 45. Rb6+ Kg5 46. Be8 Rf6 47. Rxf6 Bxf6 48. Bd7 e4 49. Re1 Kf4 50. Rf1+ Kg5
51. Kc2 g3 52. Bh3 Nf7 53. Rf5+ Kg6 54. Rf4 Nd6 55. Rg4+ Kf5 56. Rxg3+ Kf4 57. Ra3 Nxc4 58. Rxa6 Be5 59. Rc6 Ne3+ 60. Kd2 Nxd5
61. Rxc5 e3+ 62. Kd3 Nb4+= 63. Ke2 Nxa2 64. Rc4+ Kg3 65. Bf5 Nc3+ 66. Kxe3 Bf4+ 67. Kd3 Nd5 68. Kd4 Nf6 69. Bc8 Bd6 70. Rc6 Be7
71. Ke5 Ng4+ 72. Kf5 Ne3+ 73. Ke4 Nd1 74. Bb7 Nf2+= 75. Kf5 Nd1 76. Rc1 Ne3+ 77. Ke4 Ng2 78. Rc3+ Kf2 79. Rf3+ Ke1 80. Kd3
1-0

[Event "Beth Harmon Loves A Good Knight"]
[Site "SchemingMind.com"]
[Date "2020.12.30"]
[Round "-"]
[White "Matthew Bailey"]
[Black "frankly"]
[Result "1/2-1/2"]
[WhiteCountry "ENG"]
[BlackCountry "ENG"]
[WhiteElo "2598"]
[WhiteRD "68"]
[BlackElo "2617"]
[BlackRD "73"]
[GameID "463887"]

1. c4 e5 2. g3 Nf6 3. Bg2 d5 4. cxd5 Nxd5 5. Nc3 Nb6 6. d3 Be7 7. f4 exf4 8. Bxf4 O-O 9. Nh3 Bc5 10. Nf2 Na6
11. Qd2 c6 12. Rd1 Be6 13. d4 Bb4 14. a3 Bd6 15. Bxd6 Qxd6 16. Qc2 Bc4 17. O-O Nc7 18. Rfe1 Qe6 19. Qc1 Qe7 20. Nb1 Bb3
21. Rd3 Bc4 22. Rdd1 Bb3 23. Rd3=
1/2-1/2

[Event "Beth Harmon Loves A Good Knight"]
[Site "SchemingMind.com"]
[Date "2020.12.30"]
[Round "-"]
[White "Robert Bruce"]
[Black "Matthew Bailey"]
[Result "1-0"]
[WhiteCountry "SCO"]
[BlackCountry "ENG"]
[WhiteElo "2478"]
[WhiteRD "72"]
[BlackElo "2526"]
[BlackRD "70"]
[GameID "463888"]

1. d4 Nf6 2. c4 c5 3. d5 g6 4. Nc3 Bg7 5. e4 d6 6. Nf3 O-O 7. h3 e6 8. Bd3 exd5 9. exd5 Re8+ 10. Be3 Nbd7
11. O-O Ne5 12. Nxe5 Rxe5 13. Qd2 Nh5 14. Ne2 Bd7 15. Rae1 Qe7 16. Nf4 Nf6 17. Ne2 Nh5 18. Nf4 Re8 19. Nxh5 gxh5 20. Qc2 h6
21. Bd2 Qh4 22. Bh7+ Kh8 23. Rxe5 Rxe5 24. Bd3 Re7 25. Bc1 Be5 26. Qd2 Qg5 27. Qxg5 hxg5 28. Bxg5 Re8 29. b3 Rg8 30. h4 f6
31. Bh6 Bh3 32. Be4 f5 33. Bf3 Bg4 34. Bxg4 fxg4 35. Re1 Kh7 36. Be3 b6 37. Bg5 Kg6 38. f4 gxf3 39. gxf3 Kf5 40. f4 Bd4+
41. Kf1 b5 42. cxb5 Rc8 43. Ke2 Bc3 44. Rd1 Re8+ 45. Kd3 Bb4 46. Rg1 Re4 47. Bh6 Rd4+ 48. Ke3 Rxd5 49. a4 Rd2 50. Rg5+ Ke6
51. Rxh5 Rd1 52. Rg5 Rb1 53. Rg6+ Kd5 54. Rg5+ Ke6 55. Kf3 Rxb3+ 56. Ke4 Be1 57. Rg6+ Kd7 58. h5 Rh3 59. Bf8 Rxh5 60. Rxd6+ Ke8
61. Rh6 Rxh6 62. Bxh6 c4 63. Bg7 Kd7 64. Kd4
1-0

[Event "Beth Harmon Loves A Good Knight"]
[Site "SchemingMind.com"]
[Date "2020.12.30"]
[Round "-"]
[White "Matthew Bailey"]
[Black "Robert Bruce"]
[Result "1/2-1/2"]
[WhiteCountry "ENG"]
[BlackCountry "SCO"]
[WhiteElo "2526"]
[WhiteRD "70"]
[BlackElo "2478"]
[BlackRD "72"]
[GameID "463889"]

1. b4 e5 2. Bb2 Bxb4 3. Bxe5 Nf6 4. c4 O-O 5. Nf3 d5 6. e3 Be7 7. Nc3 Nbd7 8. Bg3 Nc5 9. Be2 dxc4 10. Bxc4 c6
11. d4 b5 12. Be2 Qa5 13. O-O Qxc3 14. Rc1 Qa3 15. dxc5 Rd8 16. Nd4 Bxc5 17. Bc7 Re8 18. Bf3 Bd7 19. Nxc6 Rac8 20. Rxc5 Qxc5
21. Bd6 Qc4 22. Ne7+ Rxe7 23. Bxe7 Be6 24. Bb7 Re8 25. Bxf6 gxf6 26. Qd6 Kg7 27. Rd1 a5 28. h3 Bf5 29. Bd5 Qe2 30. Qg3+ Bg6
31. Bf3 Qxa2 32. h4 b4 33. h5 b3 34. Qf4 Bxh5 35. Bxh5 b2 36. Qg3+ Kf8 37. Qd6+ Kg8 38. Qxf6 Rb8 39. Qg5+ Kf8 40. Qh6+=
1/2-1/2

[Event "Beth Harmon Loves A Good Knight"]
[Site "SchemingMind.com"]
[Date "2020.12.30"]
[Round "-"]
[White "William Lindberg"]
[Black "Matthew Bailey"]
[Result "1/2-1/2"]
[WhiteCountry "USA"]
[BlackCountry "ENG"]
[WhiteElo "2496"]
[WhiteRD "71"]
[BlackElo "2526"]
[BlackRD "70"]
[GameID "463890"]

1. c4 e6 2. Nc3 d5 3. d4 Nf6 4. Nf3 Be7 5. Bf4 O-O 6. e3 Nbd7 7. c5 c6 8. h3 b6 9. b4 a5 10. a3 Ba6
11. Bxa6 Rxa6 12. O-O Qa8 13. Rb1 axb4 14. axb4 Qb7 15. Ne1 Rfa8 16. Nc2 R6a7 17. f3 bxc5 18. bxc5 Qc8 19. Qd2 h6 20. Bg3 Nf8
21. e4 Ng6 22. e5 Nd7 23. Ne2 Rb7 24. Rxb7 Qxb7 25. Nc3 Qc8 26. f4 Ndf8 27. Bf2 Bd8 28. g3 Ba5 29. Qd3 Bxc3 30. Qxc3 Ne7
31. Rb1 Rb8 32. Nb4 Qb7 33. Qb2 Qa8 34. Be1 Nfg6 35. Qf2 Rb7 36. Kh2 Ra7 37. g4 Nf8 38. Bd2 Ra1 39. Rxa1 Qxa1 40. f5 exf5
41. gxf5 Qa4 42. h4 h5 43. Qf1 g6 44. fxg6 Nexg6 45. Qf3 Nxh4 46. Qxh5 Nhg6 47. Qf3 Ne6 48. Qc3 Ne7 49. Qd3 Qd1 50. Bc3 Qh5+
51. Qh3 Qd1 52. Qd3 Qb3 53. Kg1 Kf8 54. Kf1 Ke8 55. Ke1 Ng5 56. Kf1 Ne4 57. Be1 Qa4 58. Qh3 Qd1 59. Qh8+ Kd7 60. Qh3+ Kc7
61. Qd3 Qxd3+ 62. Nxd3 Nf5 63. Bf2 Kb7 64. Bg1 Ng5 65. Ke2 Ka6 66. Nf4 Kb5 67. Kd3 Ng7 68. Ne2 Kb4 69. Bf2 Ne4 70. Be1+ Kb3
71. Nc1+ Kb2 72. Ne2 Kb3 73. Nc1+=
1/2-1/2